| 000 | 00414nam a22001337a 4500 | ||
|---|---|---|---|
| 020 | _a0070993416 | ||
| 040 | _cNust | ||
| 082 |
_a621.382 _bHAN |
||
| 100 |
_aJohn C. Hancockancock _9125909 |
||
| 245 | _aAn Introduction to the principles of communication theory | ||
| 260 |
_aNew Delhi: _bTata McGraw -HiIl Publishing Company, _c2002. |
||
| 650 |
_aTata McGraw -HiIl Publishing Company, _9125910 |
||
| 942 |
_2ddc _cBK |
||
| 999 |
_c611575 _d611575 |
||